Timo Sarpaneva Kokoelma Collection (Record no. 10953)

MARC details
000 -CABECERA
campo de control de longitud fija 01274nam a22003137a 4500
001 - NÚMERO DE CONTROL
campo de control BRCA_9331
003 - IDENTIFICADOR DEL NÚMERO DE CONTROL
campo de control FranzMayer
005 - FECHA Y HORA DE LA ÚLTIMA TRANSACCIÓN
campo de control 20230918120617.0
008 - DATOS DE LONGITUD FIJA--INFORMACIÓN GENERAL
campo de control de longitud fija 230825b |||||||| |||| 00| 0 eng d
020 ## - NÚMERO INTERNACIONAL ESTÁNDAR DEL LIBRO
Número Internacional Estándar del Libro 9529878281
040 ## - FUENTE DE LA CATALOGACIÓN
Centro catalogador/agencia de origen MFM
Lengua de catalogación español
Centro/agencia transcriptor mfm
050 #0 - SIGNATURA TOPOGRÁFICA DE LA BIBLIOTECA DEL CONGRESO
Número de clasificación NK5198.S2
Número de documento/Ítem .T56 2000
110 1# - ENTRADA PRINCIPAL--NOMBRE DE ENTIDAD CORPORATIVA
Código de función/relación Responsable
Nombre de entidad corporativa o nombre de jurisdicción como elemento de entrada Design Museum, Helsinki
9 (RLIN) 29155
240 ## - TÍTULO UNIFORME
Título uniforme Timo Sarpaneva Kokoelma Collection
Lenguaje de la obra Fines/Inglés
245 0# - MENCIÓN DE TÍTULO
Título Timo Sarpaneva Kokoelma Collection
260 ## - PUBLICACIÓN, DISTRIBUCIÓN, ETC.
Lugar de publicación, distribución, etc. Helsinki, Finlandia
Nombre del editor, distribuidor, etc. Designmuseo Helsinki
Fecha de publicación, distribución, etc. 2000
300 ## - DESCRIPCIÓN FÍSICA
Extensión 126 p
Otras características físicas Ilustraciones a color
Dimensiones 26 cm
500 ## - NOTA GENERAL
Nota general Anexo 1
505 ## - NOTA DE CONTENIDO CON FORMATO
Nota de contenido con formato Texto en: fines e inglésIncluye índice temáticoIncluye bibliografía p 115Dirigido a: artistas, artesanos, museógrafos o personas con interés en la historia del arte y museos.
650 1# - PUNTO DE ACCESO ADICIONAL DE MATERIA--TÉRMINO DE MATERIA
Fuente del encabezamiento o término Sarpaneva Timo 1926
Término de materia o nombre geográfico como elemento de entrada Catálogos
Subdivisión de forma Producción artística
9 (RLIN) 29156
651 2# - PUNTO DE ACCESO ADICIONAL DE MATERIA--NOMBRE GEOGRÁFICO
Fuente del encabezamiento o término Design museo (Helsinki, Finlandia)
Nombre geográfico Catálogos
Subdivisión de forma Colecciones de diseño
9 (RLIN) 29157
700 1# - PUNTO DE ACCESO ADICIONAL--NOMBRE DE PERSONA
Código de función/relación Edic.
Nombre de persona Aav, Marianne
9 (RLIN) 29158
700 1# - PUNTO DE ACCESO ADICIONAL--NOMBRE DE PERSONA
Código de función/relación Edic.
Nombre de persona Brännback, Ebba
9 (RLIN) 29159
700 1# - PUNTO DE ACCESO ADICIONAL--NOMBRE DE PERSONA
Código de función/relación Edic.
Nombre de persona Viljanen, Eeva
9 (RLIN) 29160
700 1# - PUNTO DE ACCESO ADICIONAL--NOMBRE DE PERSONA
Código de función/relación Fot.
Nombre de persona Träskelin, Ruano
9 (RLIN) 29161
700 1# - PUNTO DE ACCESO ADICIONAL--NOMBRE DE PERSONA
Código de función/relación Trad.
Nombre de persona Kokkonen, Jyri
9 (RLIN) 29162
700 1# - PUNTO DE ACCESO ADICIONAL--NOMBRE DE PERSONA
Código de función/relación Org.
Nombre de persona Rintamäki, Arja
9 (RLIN) 29163
942 ## - ELEMENTOS DE PUNTO DE ACCESO ADICIONAL (KOHA)
Fuente del sistema de clasificación o colocación Library of Congress Classification
Tipo de ítem Koha Libros
Holdings
Estado de retiro Estado de pérdida Fuente del sistema de clasificación o colocación Estado dañado No para préstamo Código de colección Localización permanente Ubicación/localización actual Fecha de adquisición Total de préstamos Signatura topográfica completa Código de barras Fecha visto por última vez Precio válido a partir de Tipo de ítem Koha
El ejemplar forma parte de la colección y puede ser consultado según las políticas vigentes.   Library of Congress Classification     Fondo Contemporáneo Biblioteca del Museo Franz Mayer (Rogerio Casas-Alatriste) Biblioteca del Museo Franz Mayer (Rogerio Casas-Alatriste) 25/08/2023   NK5198.S2 .T56 2000 CONT10087 25/08/2023 25/08/2023 Libros